|
|
|
|
| LEADER |
00000nam0a2200000 4500 |
| 001 |
321829 |
| 005 |
20231102003420.0 |
| 035 |
|
|
|a (RuTPU)RU\TPU\book\347385
|
| 090 |
|
|
|a 321829
|
| 100 |
|
|
|a 20160907d1952 k y0rusy50 ca
|
| 101 |
0 |
|
|a rus
|
| 102 |
|
|
|a RU
|
| 105 |
|
|
|a y z 100zy
|
| 200 |
1 |
|
|a Тезисы докладов Ленинградского совещания по глазурям
|f Всесоюзное научное инженерно-техническое общество силикатной промышленности ; Академия наук СССР (АН СССР), Институт химии силикатов им. И. В. Гребенщикова (ИХС) ; Государственный исследовательский керамический институт (ГИКИ)
|
| 210 |
|
|
|a Ленинград
|c [Б. и.]
|d 1952
|
| 215 |
|
|
|a 22 с.
|
| 606 |
1 |
|
|a Глазури фарфоровые
|x Физико-химические свойства
|2 stltpush
|3 (RuTPU)RU\TPU\subj\34755
|9 56630
|
| 610 |
1 |
|
|a высоковольтный фарфор
|
| 610 |
1 |
|
|a фарфоровые изделия
|
| 610 |
1 |
|
|a глазурные покрытия
|
| 610 |
1 |
|
|a качество
|
| 610 |
1 |
|
|a кислые силикатные расплавы
|
| 610 |
1 |
|
|a поверхностное натяжение
|
| 610 |
1 |
|
|a смачиваемость
|
| 610 |
1 |
|
|a брак
|
| 610 |
1 |
|
|a совещания
|
| 675 |
|
|
|a 666.295
|v 4
|
| 712 |
0 |
2 |
|a Всесоюзное научное инженерно-техническое общество силикатной промышленности
|2 stltpush
|3 (RuTPU)RU\TPU\col\12692
|9 25506
|
| 712 |
0 |
2 |
|a Академия наук СССР (АН СССР)
|b Институт химии силикатов им. И. В. Гребенщикова (ИХС)
|c (Ленинград)
|2 stltpush
|3 (RuTPU)RU\TPU\col\11534
|
| 712 |
0 |
2 |
|a Государственный исследовательский керамический институт (ГИКИ)
|c (Ленинград)
|c (1919-1965)
|2 stltpush
|3 (RuTPU)RU\TPU\col\22458
|
| 801 |
|
1 |
|a RU
|b 63413507
|c 20160907
|
| 801 |
|
2 |
|a RU
|b 63413507
|c 20200630
|g RCR
|
| 942 |
|
|
|c BK
|